Best Picture by Object Quiz Stats

Quiz Updated Sep 8, 2015

Challenge
Share
Tweet
Embed
Score 0/22 Timer 05:00
7 Plays Today
% Correct
Braveheart
94.3%
Titanic
92.6%
Forrest Gump
89.9%
Rocky
89.5%
The Godfather
89.3%
Around the World in 80 Days
85.7%
Hamlet
85.1%
Chariots of Fire
82.4%
Argo
78.5%
Casablanca
78.3%
The Silence of the Lambs
71.5%
% Correct
Oliver!
67.9%
Midnight Cowboy
66.7%
Gone with the Wind
66%
The Bridge on the River Kwai
65.9%
American Beauty
60.9%
The French Connection
60%
Million Dollar Baby
58.8%
No Country for Old Men
49.3%
Rebecca
42.6%
The Departed
39.6%
12 Years a Slave
38.2%

You're not logged in!

Compare scores with friends on all Sporcle quizzes.
Join for Free
OR
Log In

You Might Also Like...

Show Comments

Extras

Top Quizzes Today


Score Distribution

Your Account Isn't Verified!

In order to create a playlist on Sporcle, you need to verify the email address you used during registration. Go to your Sporcle Settings to finish the process.

Report this User

Report this user for behavior that violates our Community Guidelines.

Details: